QUEST Central Library Banner

Automatic Fault Detection in Power Distribution Network Integrated with Distributed Generation (Record no. 66669)

MARC details
000 -LEADER
fixed length control field 00409nam a22001337a 4500
082 ## - DEWEY DECIMAL CLASSIFICATION NUMBER
Classification number R/IMS-20
100 ## - MAIN ENTRY--AUTHOR NAME
Personal name Qurat ul Ain
-- 15MPE17
245 ## - TITLE STATEMENT
Title Automatic Fault Detection in Power Distribution Network Integrated with Distributed Generation
260 ## - PUBLICATION, DISTRIBUTION, ETC. (IMPRINT)
Place of publication Nawabshah
Name of publisher QUEST
Year of publication 2019
300 ## - PHYSICAL DESCRIPTION
Number of Pages 76
700 ## - ADDED ENTRY--PERSONAL NAME
Personal name Department of Electrical Engineering
856 ## - ELECTRONIC LOCATION AND ACCESS
Uniform Resource Identifier https://tinyurl.com/yckyb77v
942 ## - ADDED ENTRY ELEMENTS (KOHA)
Koha item type Thesis and Dissertation
Holdings
Withdrawn status Lost status Home library Current library Date acquired Full call number Accession Number Koha item type
    Central Library, QUEST, Nawabshah Research Section 20/11/2020 R/IMS-20 MP/61-787 Thesis and Dissertation

Copyright © 2018,The QUEST, Nawabshah, Shaheed Benazirabad. All rights reserved
Mr. G. Farooq Channar (Librarian) QUEST, Nawabshah, Sindh, Pakistan 67480.
 Ph#: |   0244-9370381-4 Ext. 2308   Email| lib@quest.edu.pk   Web|  http://www.quest.edu.pk